000 00191 a2200109 4500
020 _a9780746061121
041 _aspa
100 _aAnonimo
245 _aMascotas
942 _cBK
952 _71
999 _c19544
_d19544